| 000 -LEADER |
| fixed length control field |
00616nam a2200205 4500 |
| 001 - CONTROL NUMBER |
| control field |
8301 |
| 003 - CONTROL NUMBER IDENTIFIER |
| control field |
BD-DhUAP |
| 005 - DATE AND TIME OF LATEST TRANSACTION |
| control field |
20200205110650.0 |
| 008 - FIXED-LENGTH DATA ELEMENTS--GENERAL INFORMATION |
| fixed length control field |
200205s pk a|||| |||| 001 0 eng d |
| 040 ## - CATALOGING SOURCE |
| Original cataloging agency |
BD-DhUAP |
| Language of cataloging |
Eng |
| Transcribing agency |
BD-DhUAP |
| Modifying agency |
BD-DhUAP |
| 082 ## - DEWEY DECIMAL CLASSIFICATION NUMBER |
| Edition number |
23 |
| Classification number |
346.54910438 MAH |
| 100 ## - MAIN ENTRY--PERSONAL NAME |
| Personal name |
Mahmood, Shaukat. |
| 245 ## - TITLE STATEMENT |
| Title |
The registration act / |
| Statement of responsibility, etc. |
Shaukat Mahmood. |
| 260 ## - PUBLICATION, DISTRIBUTION, ETC. |
| Place of publication, distribution, etc. |
Lahore : |
| Name of publisher, distributor, etc. |
Legal Research Centre, |
| Date of publication, distribution, etc. |
...? |
| 300 ## - PHYSICAL DESCRIPTION |
| Extent |
viii, 338 pages ; |
| Dimensions |
24 cm. |
| 500 ## - GENERAL NOTE |
| General note |
Includes index. |
| 650 ## - SUBJECT ADDED ENTRY--TOPICAL TERM |
| Topical term or geographic name entry element |
Registration Act, 1908 |
| Geographic subdivision |
Bangladesh. |
| 650 ## - SUBJECT ADDED ENTRY--TOPICAL TERM |
| Topical term or geographic name entry element |
Recording and registration |
| Geographic subdivision |
Bangladesh. |
| 942 ## - ADDED ENTRY ELEMENTS (KOHA) |
| Source of classification or shelving scheme |
|
| Koha item type |
Book |